00292nam a2200109 a 450000500170000000800410001705000180005810000220007624500280009826000350012644000210016120140414131905.0100901s19uu xx 00 eng d aFICbSt5 2000 aStilton, Geronimo aPaws off, cheddarface!. aNew York :bScholastic,c2000. aGeronimo Stilton